Εκθέσεις 4 / Χωροταξική Κατανομή και Κλαδική Σύνθεση των Επενδύσεων του Ν. 1262/ 1982 (Record no. 1893)
[ view plain ]
| 000 -LEADER | |
|---|---|
| fixed length control field | 01543cam a22001814a 4500 |
| 005 - ΗΜΕΡΟΜΗΝΙΑ ΚΑΙ ΩΡΑ ΤΕΛΕΥΤΑΙΑΣ ΕΝΗΜΕΡΩΣΗΣ | |
| Πεδίο ελέγχου | 20250605164022.0 |
| 008 - FIXED-LENGTH DATA ELEMENTS--GENERAL INFORMATION | |
| Πεδίο ελέγχου σταθερού μήκους | 250528s ||||||||||||||||||||||||d |
| 035 ## - SYSTEM CONTROL NUMBER | |
| System control number | 16386 |
| 040 ## - ΠΗΓΗ ΚΑΤΑΛΟΓΟΓΡΑΦΗΣΗΣ | |
| Φορέας πρωτότυπης καταλογογράφησης | MC Athens Campus Library |
| Γλώσσα καταλογογράφησης | Ελληνικά, Μοντέρνα (1453-) |
| Modifying agency | MC Athens Campus Library |
| Κανόνες περιγραφικής καταλογογράφησης | AACR2 |
| 245 1# - ΤΙΤΛΟΣ ΚΑΙ ΔΗΛΩΣΗ ΥΠΕΥΘΥΝΟΤΗΤΑΣ | |
| Τίτλος | Εκθέσεις 4 / Χωροταξική Κατανομή και Κλαδική Σύνθεση των Επενδύσεων του Ν. 1262/ 1982 |
| 260 ## - PUBLICATION, DISTRIBUTION, ETC. | |
| Name of publisher, distributor, etc. | Κέντρο Προγραμματισμού Και Οικονομικών Ερευνών, |
| Date of publication, distribution, etc. | 1991 |
| 300 ## - PHYSICAL DESCRIPTION | |
| Extent | 264 |
| 520 ## - SUMMARY, ETC. | |
| Summary, etc. | Εισαγωγή, Αναφορά στο Πλαίσιο Μελέτης, Το Θεσμικό Πλαίσιο της Πολιτικής Κινήτρων στην Ελλάδα, Αναλυτική Παρουσίαση του Ν. 1262/82, Προσδιορισμός των Βασικών του Στόχων, Η Χωροταξική Κατανομή των Επενδύσεων του Ν. 1262/82, Η Κλαδική Σύνθεση των Επενδύσεων του Ν. 1262/82, Η Συμβολή και ο Βαθμός Αποτελεσματικότητας του Ν. 1262/82, Οι Απόψεις των Υπηρεσιών Προγραμματισμού των Νομαρχιών της Χώρας για τη Συμβολή και το Βαθμό Αποτελεσματικότητας του Ν. 1262/82, Συμπερασματικές Παρατηρήσεις, Παράρτημα, Βιβλιογραφία. |
| 700 1# - ΠΡΟΣΘΕΤΗ ΑΝΑΓΡΑΦΗ--ΦΥΣΙΚΟ ΠΡΟΣΩΠΟ | |
| Personal name | Γεωργίου Γεώργιος Α |
| 9 (RLIN) | 2481 |
| 942 ## - ADDED ENTRY ELEMENTS (KOHA) | |
| Koha item type | Books |
| Τύπος τεκμηρίου | Βιβλιοθήκη | Τρέχουσα τοποθεσία | Barcode | Αριθμός εισαγωγής | Ημερομηνία απόκτησης | Ταξιθετικό σύμβολο | Αριθμός αντιτύπου | Κατάσταση απόσυρσης | Κατάσταση χαμένου | Κατάσταση κατεστραμμένου | Μη δανεισμός | Σύνολο δανεισμών | Ημερομηνία τελευταίας εμφάνισης | Η τιμή ισχύει από |
|---|---|---|---|---|---|---|---|---|---|---|---|---|---|---|
| Books | MC Athens Campus Library | MC Athens Campus Library | 9780000018922 | 4086 | 05/06/2025 | 332.6 GEO | 1 | 05/06/2025 | 05/06/2025 |